000
00322nam a22001217a 4500
008
180426b xxu||||| |||| 00| 0 eng d
041
_a
eng
080
_a
043 3
100
_a
0
101
_a
shki
245
_a
QoS analiza për monitorimin e ambientit të serrës përmes Zigbee Teknologjisë
_c
Blerona,C
942
_2
udc
_c
BK
999
_c
45606
_d
45606